| 000 | 00470 a2200169 4500 | ||
|---|---|---|---|
| 001 | 066881 | ||
| 003 | OSt | ||
| 005 | 20211021154605.0 | ||
| 008 | |||
| 082 |
_a628 _bS86E |
||
| 100 | 1 | _aSrinivasan, D. | |
| 245 | 1 |
_aEnvironmental engineering _cby D. Srinivasan |
|
| 260 |
_aNew Delhi _bPHI Learning _c2009 |
||
| 300 | _a422p. | ||
| 690 | _aEnvironmental engineering; Environmental protection; Factory and trade waste | ||
| 942 |
_2ddc _cBK |
||
| 999 |
_c876 _d876 |
||